000 00671nam a2200205 a 4500
001 21344
003 CO-ViMGA
008 141112s2004 ck r 000 u spa d
020 _a8408060007
040 _aCO-ViMGA
_bspa
_cCO-ViMGA
082 _aLEWu
100 1 _aLewis, Clive Stapler; Gallart, Gemma Tr.
245 1 0 _aLa última Batalla (las cronicas de Narnia)
260 _aBarcelona; Planeta,
_c2005
300 _a280
490 _aLas crónicas de Narnia
590 _aForma de adquisición : Compra fact. 0862 - - Precio : 33000 - - Proveedor : Temas y libros - - Fecha de adquisición : Mayo 2007
650 1 4 _aNOVELA INFANTIL INGLESA
_92809
942 _2ddc
_cBK
999 _c10975
_d10975